| 000 | 00667 a2200169 4500 | ||
|---|---|---|---|
| 020 | _a0691140340 | ||
| 020 | _a9780691140346 | ||
| 082 | 0 | 4 | _a530.143 |
| 090 |
_c333 _d333 |
||
| 100 | 1 | _aZee, A. | |
| 245 | 1 | 0 |
_aQuantum field theory in a nutshell: / _cA. Zee. |
| 260 |
_a[S.l.] : _bPrinceton University Press, |
||
| 300 |
_a576 p. ; _c26 cm. |
||
| 942 |
_aSNS _cBK _k530.143 ZEE |
||
| 999 |
_c28968 _d28968 |
||